Non-farm activities development, ការអភិវឌ្ឍន៍សកម្មភាពមិនមែនកសិកម្ម (Record no. 10091)

000 -LEADER
fixed length control field 00365nam a22001217a 4500
040 ## - CATALOGING SOURCE
Transcribing agency SY
082 ## - DEWEY DECIMAL CLASSIFICATION NUMBER
Classification number 234
100 ## - MAIN ENTRY--AUTHOR NAME
Personal name ហ៊ីង ធីតា
245 ## - TITLE STATEMENT
Title Non-farm activities development, ការអភិវឌ្ឍន៍សកម្មភាពមិនមែនកសិកម្ម
260 ## - PUBLICATION, DISTRIBUTION, ETC. (IMPRINT)
Place of publication RUA
Name of publisher ហ៊ីង
Year of publication 2008
300 ## - PHYSICAL DESCRIPTION
Number of Pages 26p.
942 ## - ADDED ENTRY ELEMENTS (KOHA)
Koha item type សៀវភៅភាសាខ្មែរ
952 ## - LOCATION AND ITEM INFORMATION (KOHA)
Withdrawn status [LOCAL, KOHA] 0
952 ## - LOCATION AND ITEM INFORMATION (KOHA)
Withdrawn status [LOCAL, KOHA] 0
Holdings
Permanent Location Date acquired Koha item type Lost status Shelving location Barcode Current Location Full call number
Library Block C2016-09-20សៀវភៅភាសាខ្មែរ C017RUA055686Library Block C234 ហ៊ីង 2008 C017 Or
Library Block C2016-09-20សៀវភៅភាសាខ្មែរ C017RUA055949Library Block C234 ហ៊ីង 2008 C017 Or
មជ្ឈមណ្ឌលឯការនៃសាកលវិទ្យាល័យភូមិន្ទកសិកម្មចំការដូង

Powered by Koha